000 00373 a2200169 4500
001 49409
020 _a9788573193751
040 _cAnchieta - Bela Vista
100 _aVargas, Demóstenes
240 1 0 _aO circo universal
_lpor
245 1 0 _aO circo universal
300 _a48
362 0 _a2012
440 1 _aDimensão
650 4 _aLiteratura brasileira
942 _cBK
999 _c49409
_d49409